000 00615nam a22001937a 4500
003 BD-DhUL
005 20180301131707.0
008 161025s1980 ii a|||| |||| 000 0dben d
040 _cBD-DhUL
_dBD-DhUL
082 _a891.443
_bBIM
100 1 _aরায়, বিকাশ।
245 0 _aমনে পড়ে /
_cবিকাশ রায়।
260 _aকলিকাতা :
_bকরুনা,
_c১৯৮০।
300 _a৯৮ পৃ. ;
_c২০ সেমি.
365 _aIRS
_b15.00
650 4 _aবাংলা উপন্যাস
650 4 _aBengali fiction
942 _2ddc
_cBK
999 _c238774
_d238774